=LDR 00000nam 2200000 4500 =001 INLIS000000000024029 =005 20130612122636 =008 ***********************************Ind** =035 ##$$0010-061300000024029 =041 ##$$a Ind =082 ##$$a 344.052 =090 ##$$a 334.052, Kel h =100 ##$$a Kelana, Momo =245 ##$$a Hukum kepolisian, Momo Kelana =260 ##$$a 1994 $b Jakarta =300 ##$$a 173 hlm, 21 cm =650 ##$$a Hukum kepolisian =850 ##$$a NBPNMAT